书目信息 |
| 题名: |
秦汉史
|
|
| 作者: | 吕思勉, 著 | |
| 分册: | ||
| 出版信息: | 天津 天津社会科学院出版社 2016 |
|
| 页数: | 531页 | |
| 开本: | 24cm | |
| 丛书名: | ||
| 单 册: | ||
| 中图分类: | K232.09 | |
| 科图分类: | ||
| 主题词: | 秦汉时代--Qin Han Shi Dai--古代史--通俗读物 | |
| 电子资源: | ||
| ISBN: | 978-7-5563-0262-8 | |
| 000 | 00803nam0 2200241 450 | |
| 001 | 1751190285 | |
| 005 | 20161207151528.0 | |
| 010 | @a978-7-5563-0262-8@dCNY45.00 | |
| 100 | @a20160714d2016 em y0chiy50 ea | |
| 101 | 0 | @achi |
| 102 | @aCN@b120000 | |
| 105 | @ay z 000yy | |
| 106 | @ar | |
| 200 | 1 | @a秦汉史@AQin Han Shi@f吕思勉著 |
| 210 | @a天津@c天津社会科学院出版社@d2016 | |
| 215 | @a531页@d24cm | |
| 330 | @a本书共分为二十章, 主要内容包括: 总论、秦代事迹、秦汉兴亡、汉初事迹、汉中叶事迹、汉末事迹、新室始末、后汉之兴、后汉盛世、后汉衰乱、后汉乱亡、三国始末、秦汉时社会组织等。 | |
| 606 | 0 | @a秦汉时代@AQin Han Shi Dai@x古代史@j通俗读物 |
| 690 | @aK232.09@v5 | |
| 701 | 0 | @a吕思勉,@ALv Si Mian@f1884-1957@4著 |
| 801 | 0 | @aCN@bNHL@c20160714 |
| 905 | @aBZT@dK232.09@e1 | |
| 998 | @aJSZS | |
| 秦汉史/吕思勉著.-天津:天津社会科学院出版社,2016 |
| 531页;24cm |
| ISBN 978-7-5563-0262-8:CNY45.00 |
| 本书共分为二十章, 主要内容包括: 总论、秦代事迹、秦汉兴亡、汉初事迹、汉中叶事迹、汉末事迹、新室始末、后汉之兴、后汉盛世、后汉衰乱、后汉乱亡、三国始末、秦汉时社会组织等。 |
| ● |
| 相关链接 |
|
|
|
正题名:秦汉史
索取号:K232.09/1
 
预约/预借
| 序号 | 登录号 | 条形码 | 馆藏地/架位号 | 状态 | 备注 |
| 1 | 827645 | 2000827645 | 第二书库/ [索取号:K232.09/1] | 在馆 | |
| 2 | 827646 | 2000827646 | 第二书库/ [索取号:K232.09/1] | 在馆 | |
| 3 | 827647 | 2000827647 | 第二书库/ [索取号:K232.09/1] | 在馆 |